date histoire DNB le minimum à savoir - Statistiques

Statistiques générales
  • Ce quiz a été pris 215 fois
  • Le résultat moyen est 11 sur 34
Statistiques - réponses
Indice Réponse % Correct
1er GM (AA) 1914-1918
92%
Verdun (A) 1916
91%
seconde guerre mondiale (A-A) 1939-1945
63%
hitler chancelier (A) 1933
61%
attentat tours jumelles (A) 2001
53%
premier vote des femmes (A) 1945
51%
Front populaire (A) 1936
50%
Liberations france 2eme GM (A) 1944
50%
armistice 1ere GM (J/M/A) 11 novembre 1918
49%
Doctrines Truman et Jdanov (A) 1947
42%
traité de maastricht (A) 1992
34%
manifestation a alger (A) 1958
33%
loi veil IVG (A) 1975
33%
Capitulation allemande (J/M/A) 8 mai 1945
33%
5eme republique debut (A) 1958
33%
traité de Rome (A) 1957
30%
regime de Vichy (A-A) 1940-1944
29%
Conférence de Bandung (A) 1955
28%
mur de berlin (A-A) 1961-1989
28%
referendum elections presidentielle (A) 1962
27%
guerre du golfe (A) 1991
26%
Guerre froide (A-A) 1947-1991
25%
CNR (A) 1943
23%
intervention en irak (A) 2003
23%
geurre d algerie (A-A) 1954-1962
21%
guerre en syrie (A) 2011
16%
attrait général de la Gaulle (J/M/A) 18 juin 1940
14%
Années de De Gaulle (A-A) 1958-1969
11%
decret des familles (A) 1976
10%
Grande terreur URSS (A-A) 1936-1938
8%
4eme république (A-A) 1944-1958
7%
principal phase de décolonisation (A-A) 1947-1962
5%
révolutions russes (A) fevrier 1917
3%
3eme republique (A) 1870-1940
1%
Aucun quiz correspondant
Distribution des résultats
% des personnes avec chaque résultat
Percentile par nombre de réponses
Votre historique - résultats
Vous n’avez pas pris ce quiz